000 00636nam a22001817a 4500
999 _c186940
_d186940
005 20230704170441.0
010 _aENG-132100
020 _a9789391490010
_c950.00
035 _aEN-115632
037 _bDBAD/PUB
082 _a327.54051
100 _aAbhay kumar singh
245 _aIndia-China Rivalry: Asymmetric No Longer
_bAn Assessment of china's Evolping Perceptions of India/
_cAbhay Kumar Singh
260 _aNew Delhi
_bKW Publication Pvt. Ltd
_c2021
270 _a4676/21, First Floor, Ansari Road Daryaganj,
_bNew Delhi
_e110010
300 _a212p
_bIndex
_c24cm(hbk)
942 _2ddc
_cEN
_h327.54051
_mABH